| 000 | 01920nam a22003137a 4500 | ||
|---|---|---|---|
| 999 |
_c21740 _d21740 |
||
| 003 | AR-CdUCM | ||
| 008 | 190425b ||||| |||| 00| 0 spa d | ||
| 040 |
_aMUNICIPALIDAD PROVINCIAL DEL CUSCO _cBIBLIOTECA MUNICIPAL DEL CUSCO |
||
| 082 |
_aRev.Univ/N°84/1943 _bRev.Univ/N°84/1943 |
||
| 110 |
_aUniversidad Nacional de San Antonio Abad del Cusco _915942 |
||
| 245 |
_aRevista Universitaria : _bÓrgano de la Universidad del Cuzco / |
||
| 260 |
_aCusco : _bH. G. Rozas, _c1943. |
||
| 300 |
_a279 páginas. : _c20 cm. |
||
| 440 |
_aRevista Universitaria _nAño XXXII, 1° semestre 1943, N°84 _945928 |
||
| 505 | _aContenido: Discurso de orden pronunciado en el acto de apertura del año académico de 1943. Luis Felipe Paredes. -- Ensayo sistemático de cuatro formas adultas y dos larvas de culicideos capturados en el Cuzco. Gonzalo Gamarra Caller. -- La flora de la región arqueológica descubierta por la expedición de The Viking Fund. César Vargas C. -- Peruanidad literaria. Alfredo Yépez Miranda. -- Con los Mashcos del rio Colorado. Jorge Cornejo Bouroncle. -- Hacia el descubrimiento de Vilcabamba. Luis Ángel Aragón. -- Valoración del acido cítrico de los limones del valle de La Convención. Enrique Gonzáles Willis. -- Índice alfabético de autores y cronológico de la Revista Universitaria 1912-1942. Rafael Yépez La Rosa. -- Crónica universitaria. | ||
| 650 |
_aLiteratura peruana _945929 |
||
| 650 |
_aBotánica cusqueña _945807 |
||
| 650 |
_aVilcabamba _91752 |
||
| 700 |
_aCornejo Bouroncle, Jorge _915278 |
||
| 700 |
_aParedes, Luis Felipe _916077 |
||
| 700 |
_aGamarra Caller, Gonzalo _945930 |
||
| 700 |
_aVargas, César _945886 |
||
| 700 |
_aYépez Miranda, Alfredo _94230 |
||
| 700 |
_aAragón, Luis Ángel _927079 |
||
| 700 |
_aGonzáles Willis, Enrique _931418 |
||
| 710 |
_aUniversidad Nacional de San Antonio Abad del Cusco _915942 |
||
| 942 |
_2ddc _cPP |
||
| 945 | _arac | ||